000 00647nam a2200229Ia 4500
003 OSt
005 20220924113104.0
006 a|||||r|||| 00| 0
007 ta
008 220923b |||||||| |||| 00| 0 eng d
024 _a57994
037 _cDictionary
040 _aARTS
_cARTS
_beng
041 _2eng
_aeng
082 _aP15,3:28k, J6.1-2 (PD)
100 _aMayrhofer Manfred
_94199
245 0 _aConcise etymological Sanskrit dictionary
260 _aHeidelberg
_bCarl winter
_c1956
650 _aLINGUISTICS
942 _hP15,3:28k, J6.1-2 (PD)
_cdic
_2cc
999 _c389193
_d389193